000 00712nac a22001931u 4500
010 _a91045010
020 _a0135881870
082 0 0 _a005.4/3
_bT1641
090 _c575
_d575
100 _aTanenbaum, Andrew S.,
245 1 0 _aModern operating systems /
_cAndrew S. Tanenbaum.
250 _a2nd ed.
260 _aNew Delhi :
_bPrentice Hall of India,
_cc2003.
300 _axx, 951 p. :
_bill. ;
_c25 cm.
504 _aIncludes bibliographical references (p. 682-703) and index.
650 0 _aOperating systems (Computers)
942 _cBB
_k005.4/3T1641
999 _c575
_d575